| 000 | 00925cab a2200277 4500 | ||
|---|---|---|---|
| 001 | WB2744-06 | ||
| 008 | 090401t1991 xxu||||| |||| 00| 0 eng d | ||
| 035 | _a(Sirsi) u39877 | ||
| 041 | _aeng | ||
| 245 | _aEnvironmental auditing | ||
| 260 | _c1991 | ||
| 350 | _a0 | ||
| 490 |
_aFinancial Times _v13 November 1991, 14(1) |
||
| 520 | _aThe EC Eco-Audit requires each country to appoint an independent body to accredit eco-auditors. So far in the UK there has been a confusing number of bodies issuing standards for green audits. | ||
| 650 | _aASSOCIATION OF ENVIRONMENTAL CONSULTANCIES | ||
| 650 | _aBSI | ||
| 650 | _aECO-AUDIT | ||
| 650 | _aENVIRONMENTAL AUDITING | ||
| 650 | _aGREEN ISSUES | ||
| 650 | _aINDUSTRY | ||
| 650 | _aINSTITUTE OF ENVIRONMENTAL ASSESSMENT | ||
| 650 | _aINSTITUTE OF ENVIRONMENTAL AUDITORS | ||
| 690 | _aENVIRONMENTAL AND LAND CONSULTANCY | ||
| 942 | _n0 | ||
| 948 | _c04/03/1997 | ||
| 999 |
_c25525 _d25525 |
||